河两岸 (Record no. 68779)

000 -LEADER
fixed length control field 00538nam a22001937a 4500
003 - CONTROL NUMBER IDENTIFIER
control field MPLRDC
005 - DATE AND TIME OF LATEST TRANSACTION
control field 20220105061110.0
008 - FIXED-LENGTH DATA ELEMENTS--GENERAL INFORMATION
fixed length control field 210129b ||||| |||| 00| 0 eng d
020 ## - INTERNATIONAL STANDARD BOOK NUMBER
International Standard Book Number 978-983-3738-95-3
082 ## - DEWEY DECIMAL CLASSIFICATION NUMBER
Classification number 859.6 XYB v.10 c.2
100 ## - MAIN ENTRY--PERSONAL NAME
Personal name 许友彬
245 ## - TITLE STATEMENT
Title 河两岸
Statement of responsibility, etc.
250 ## - EDITION STATEMENT
Edition statement 初版五刷
260 ## - PUBLICATION, DISTRIBUTION, ETC.
Place of publication, distribution, etc. 马来西亚
Name of publisher, distributor, etc. 红蜻蜓出版有限公司 ODONATA PUBLISHING SDN BHD
Date of publication, distribution, etc. 2016
300 ## - PHYSICAL DESCRIPTION
Other physical details
490 ## - SERIES STATEMENT
Series statement 许友彬作品: 10
650 ## - SUBJECT ADDED ENTRY--TOPICAL TERM
Topical term or geographic name entry element 儿童故事;儿童小说
942 ## - ADDED ENTRY ELEMENTS (KOHA)
Koha item type Book
-- 859.6 XYB v.10 c.2

No items available.

© 2022. Malaysian Public Library, Research and Development Centre. All Right ReservedE-mailmplrdc@help.edu.my 

Powered by Koha